000 02119nam0a2200421 4500
001 RU\NLR\BIBL_A\022337558
005 20260420015132.0
010 _a978-5-9710-9985-7
021 _aRU
_bКН-П-24-048579
_9КН-П-24-4832
035 _a(NLR Aleph) 022337558
090 _a13666022
_c13666022
100 _a20241001d2024 k y0rusy50 ca
101 0 _arus
102 _aRU
105 _ay|||z|||000yd
181 0 _ai4
_baxxe
182 0 _an
200 1 _aБайрон и Пушкин
_eиз истории романтической поэмы
_fВ. М. Жирмунский
203 _aТекст
_bвизуальный
_cнепосредственный
205 _aИзд. 3-е, стер.
210 _aМосква
_cURSS, ЛЕНАНД
_d2024
215 _aС. 5-378, [1] с.
225 1 _aИз наследия академика В. М. Жирмунского
300 _aНа 4-й с. обл. авт.: В. М. Жирмунский, филолог и литературовед, проф., действ. чл. Акад. наук СССР
320 _aБиблиогр.: с. 357-367 и в тексте
600 1 _aБайрон
_bД.Г.
_f1788 - 1824
_gДжордж Гордон
_xи русская литература
_9981341
_3RU\NLR\AUTH\6651011
600 1 _aПушкин
_bА.С.
_f1799 - 1837
_gАлександр Сергеевич
_xи английская литература
_9981350
_3RU\NLR\AUTH\6651019
686 1 _aШ5(4Вл)52-4Байрон418.3
686 2 _aШ5(2=Р)51-4Пушкин418.3
700 1 _7ca
_8rus
_aЖирмунский
_bВ. М.
_f1891-1971
_gВиктор Максимович
_939499
_3RU\NLR\AUTH\7756567
702 1 _4280
_7ca
_8rus
_aБайрон
_bД. Г.
_f1788-1824
_gДжордж Гордон
_9118209
_3RU\NLR\AUTH\778298
702 1 _4280
_7ca
_8rus
_aПушкин
_bА. С.
_cпоэт
_f1799-1837
_gАлександр Сергеевич
_9110441
_3RU\NLR\AUTH\77386
942 _cBOOK
980 _aNB